Fluórované 4-chinolóny, ich príprava a vlastnosti diplomová práca

Na minha lista:
Detalhes bibliográficos
Autor principal: Herdová, Ivana
Formato: Livro
Idioma:eslovaco
Publicado em: Bratislava STU FCHPT 2016
Acesso em linha:View in OPAC
Tags: Adicionar Tag
Sem tags, seja o primeiro a adicionar uma tag!

MARC

LEADER 00000nam a2200000 a 4500
005 20260127133955.0
008 160712 2016 000 0 slo d
035 |a vtls011566180 
039 9 |y 201607120905  |z mschk03 
040 |a STUSCHK1  |b slo  |c STUSCHK1  |e AACR2 
100 1 |a Herdová, Ivana 
245 1 |a Fluórované 4-chinolóny, ich príprava a vlastnosti  |b diplomová práca  |c Ivana Herdová 
260 |a Bratislava  |b STU FCHPT  |c 2016 
300 |a 76 s.  |b il.  |c 25 cm 
500 |a Študijný program: technická chémia 
500 |a Študijný odbor: organická chémia 
500 |a Školiace pracovisko: Oddelenie organickej chémie 
500 |a Evid. číslo: FCHPT- 104542-42499 
910 |a SCHK95 
999 |c 1245  |d 1245